00433cam a2200157ua 45000010005000000080039000050400009000440820008000531000018000612450049000792500009001282600086001373000019002236530014002426530019002561604110713n ii |||gr||||Z||||||eng cMAIN a336 aDalton, hugh,1 aprinciples of public financecby Hugh Dalton a4th. a[s.l]:bRoutledge & kegan paul ltd.,970.aNew delhi:bAllied publishers pvt. ltd, axvi; 225p:9cm. aEconomics apublic finance